Patrones en las defensas de las plantas: ¿porqué los herbívoros prefieren ciertas especies? (Registro nro. 10172)

Detalles MARC
000 -CABECERA
Campo de control 005600000a22001690004500
090 ## - CLASIFICACIÓN LOCAL
Colección AR
Consecutivo 01085
041 0# - IDIOMA
Código de idioma para texto/pista de sonido o título separado
100 1# - ASIENTO PRINCIPAL--NOMBRE PERSONAL
Nombre personal Coley, Phyllis D.
245 10 - MENCION DE TITULO
Título Patrones en las defensas de las plantas: ¿porqué los herbívoros prefieren ciertas especies?
650 14 - ASIENTO SECUNDARIO DE MATERIA - TERMINO TEMATICO
Término temático o nombre geográfico como elemento de entrada Herbivoría
650 14 - ASIENTO SECUNDARIO DE MATERIA - TERMINO TEMATICO
Término temático o nombre geográfico como elemento de entrada Ecología
650 14 - ASIENTO SECUNDARIO DE MATERIA - TERMINO TEMATICO
Término temático o nombre geográfico como elemento de entrada Evolución
650 14 - ASIENTO SECUNDARIO DE MATERIA - TERMINO TEMATICO
Término temático o nombre geográfico como elemento de entrada Patrones de defensa
651 #4 - ASIENTO SECUNDARIO DE MATERIA - NOMBRE GEOGRAFICO
-- Isla Barro Colorado
-- Panamá
773 1# - Item fuente:
Título Revista de Biología Tropical
Especificación de materiales 129
Descripción física Suppl. 1
Paginas del Articulo 151-164
Lugar, editorial y fecha de publicación 1987
Información sobre la relación 35
942 ## - ELEMENTOS ADICIONALES (KOHA)
Tipo de ítem Artículo
Existencias
Withdrawn status Lost status Damaged status No para préstamo Colección Ubicación Permanente Ubicación actual Fecha de adquisición Fuente de Valor Datos de publicación Seriada Total Checkouts Número topográfico Inventario / Código de Barras Date last seen Ejemplar Price effective from Forma de adquisición Tipo de material
      No para Préstamo Hemeroteca Bogotá Bogotá 27/02/2015 INCIVA Fuera de circulación   AR 01085 011404 25/03/2015 1 25/03/2015   Artículo